000 00794cab a2200229 4500
001 WB2943-52
008 090401t1993 xxu||||| |||| 00| 0 eng d
035 _a(Sirsi) u72119
041 _aeng
245 _aSolicitors` contractual arrangement
260 _c1993
350 _a0
490 _aEstates Gazette Case Summaries
_v1993 EGCS 177 (13/11/93)
520 _a"British Waterways Board v Norman", QBD 26 October 1993, considered the liability for legal fees in a case where legal aid was not available but a test case was being tried.
650 _aENVIRONMENTAL PROTECTION ACT 1990 S79(1)
650 _aLEGAL AID
650 _aLEGAL FEES
650 _aSTATUTORY NUISANCE
690 _aMANAGEMENT-BUSINESS MANAGEMENT-PROFESSIONAL PRACTICE
942 _n0
948 _c04/03/1997
999 _c45514
_d45514